000 00215nam a22000857a 4500
008 170220b xxu||||| |||| 00| 0 eng d
100 _92916
_aCBSE
245 _aS.A.S. Q.P.-2010 Hindi-IX-X
260 _aNew Delhi
_bCBSE
_c2010
999 _c6153
_d6153